000 00629nam a22001817a 4500
005 20140324160932.0
010 _aB-500363
020 _a9788131604885
_c695.00
035 _a9788131604885
037 _adpl
_bMallika Books/Ven
082 _a193
245 _aTheodor Adorno:
_bkey concepts/
_cedited by Deborah Cook
260 _aNew Delhi
_bMallika Books
_c2012
270 _a4858/24, Ansari Road, Daryaganj
_bNew Delhi
_e110002
300 _axii,212p.
_c20cm(pbk)
942 _2ddc
_cEN
_h193
_mTHE
999 _c83162
_d83162